| 000 | 00537nam a2200193Ia 4500 | ||
|---|---|---|---|
| 005 | 20250326142254.0 | ||
| 008 | 250326s9999 xx 000 0 und d | ||
| 020 | _a81-85989-75-3 | ||
| 037 | _aTextbook | ||
| 040 |
_aFMSL _beng _cFMSL |
||
| 041 |
_aeng _2eng |
||
| 084 |
_aX8(A):(Z) P1 _qFMSL |
||
| 100 |
_aBareja J K _9389294 |
||
| 245 | 0 |
_aIndustrial law _cBareja J K |
|
| 260 |
_aNew Delhi _bNew Delhi, Galgotia Publishing Company _c2001 |
||
| 300 | _a516p | ||
| 942 |
_cTB _hX8(A):(Z) P1 |
||
| 999 |
_c1294236 _d1294236 |
||